000 00334nam a22001457a 4500
020 _a978-81-8266-953-6
082 _a894.812.1
_bAHA/R
100 _aAHAMMAD RAFEEK
245 _aRAFEEKK AHAMMADINTE KAVITHAKAL
260 _aKOZHIKODE
_bMATHRUBHUMI BOOKS
_c2016
300 _a373
520 _aPOETRY
650 _aPOETRY
942 _cBK
999 _c4128
_d4128